000 00441nam a2200181Ia 4500
001 21146
005 20260306172857.0
008 260306t2019||||xx |||||||||||||| ||spa||
041 _aESP
082 _a344C4
_bR31 V. 2
100 _aReátegui Sánchez, James
_eAUT
245 0 _aCódigo penal comentado
260 _c2019
300 _axxx, páginas 801-1472 :
_c25 cm.
650 _aGEN
654 _aCDE
942 _cLIB
_dJUS
_fJUS
_2ddc
_n
999 _c21146
_d21146